| 000 | 00484nam a2200181Ia 4500 | ||
|---|---|---|---|
| 008 | 131103s9999 xx 000 0 und d | ||
| 040 | _aLoreto College | ||
| 041 | _aEnglish | ||
| 082 |
_a920/JOA _bLCBED/6566 |
||
| 100 | _aNlan, Jeanett Covert | ||
| 245 | 4 |
_aThe true book about Joan of arc _cJeanette Covert Lape |
|
| 260 |
_aBanglore _bEducational _c[19] |
||
| 300 |
_a149p _c 20cm. |
||
| 650 | _aArc, Joan of | ||
| 651 | _aBiography | ||
| 850 | _aLCBED/920/JOA | ||
| 942 | _cBK | ||
| 999 |
_c30643 _d81122 |
||